| 000 | 00595nam a2200205Ia 4500 | ||
|---|---|---|---|
| 003 | GCL | ||
| 008 | 140319s9999 xx 000 0 ara d | ||
| 040 |
_aGCL / _cGCL |
||
| 082 | 0 | 4 |
_a531.64 _bك ط |
| 100 | 1 | _aكراوذر, ج. ج. | |
| 245 | 1 | 0 |
_aالطاقة النووية فى الصناعة / _cكراوذر, ج. ج. |
| 700 | 1 | _aاحمد عبدالسلام | |
| 700 | 1 | _aمحمد مرسى احمد | |
| 300 | _a240 | ||
| 490 |
_aالالف كتاب _v0 |
||
| 650 | 0 | 4 | _aالطاقة |
| 650 | 0 | 4 | _aالطاقة النووية |
| 650 | 0 | 4 | _aالوقود النووى |
| 942 |
_2ddc _cBK |
||
| 999 |
_c42961 _d42961 |
||